Δόνια χελιδόνια : μουσικά και κινητικά παιχνίδια για παιδιά προσχολικής ηλικίας

Αποθηκεύτηκε σε:
Λεπτομέρειες βιβλιογραφικής εγγραφής
Κύριος συγγραφέας: Μάτευ, Πολυξένη 1902-
Μορφή: Βιβλίο
Γλώσσα:Greek
Δημοσίευση: Αθήνα : Μουσικός οίκος Γεώργιος Νάκας, [χ.χ.]
Θέματα:
Ετικέτες: Προσθήκη ετικέτας
Δεν υπάρχουν, Καταχωρήστε ετικέτα πρώτοι!

MARC

LEADER 00000nam a2200000 i 4500
001 1/78056
008 960528q19701988 gre d
035 |a 1988  |b 2  |c Αγορά/Τσαφταρίδης  |l 10032826 
040 |a GR-MY-UA  |b gre  |e aacr 
041 0 |a gre 
082 0 |a 372.87044 
100 1 |a Μάτευ, Πολυξένη  |d 1902- 
245 1 0 |a Δόνια χελιδόνια :  |b μουσικά και κινητικά παιχνίδια για παιδιά προσχολικής ηλικίας /  |c Πολυξένη Μάτεϋ 
260 |a Αθήνα :   |b Μουσικός οίκος Γεώργιος Νάκας,   |c [χ.χ.] 
300 |a 52 σ. 
650 0 0 |a Games with music. 
650 0 0 |a Children's songs. 
650 0 0 |a Music  |x Instruction and study. 
852 |a INST  |b RHODES  |e 19960528  |h 372.87044 ΜΑΤ  |p 005400003533  |q 005400003533  |t BK  |y 0 
909 |a Ρ  |b 011598  |c 1988